01909nam a2200457 i 450000100060000000300080000600500170001400600190003100700150005000800410006502000270010603500230013303500240015603500250018003500210020504000310022605000290025708000070028608200190029310000300031224500920034226400600043430000410049433600310053533700330056633800430059949000690064250000220071150400430073358801250077659001640090165000590106565000360112465000610116065000350122165500270125679700190128383000700130285600620137299900170143480376FlNmELB20241217151741.0m o d | cr cnu||||||||150320s2014 sp ob 001 0 spa d a9788490124505 (e-book) a(MiAaPQ)EBC3226799 a(Au-PeEL)EBL3226799 a(CaPaEBR)ebr11002181 a(OCoLC)991927923 aFINmELBbspaerdacFINmELB 4aHE8700.9.S63b.F365 2014 a320 a384.5509462231 aFernández, Luis Miguel.10aEscritores y televisión durante el Franquismo (1956-1975) /cLuis Miguel Fernández. 1aSalamanca :bEdiciones Universidad de Salamanca,c2014. a1 recurso en línea (197 páginas) atextobtxt2rdacontent/spa acomputadorabc2rdamedia/spa arecurso en líneabcr2rdacarrier/spa1 aActa Salmanticensia. Biblioteca de Pensamiento y Sociedad ;v108 aIncluye índice. aContiene referencias bibliográficas. aDescripción basada en recurso en línea; Título de la página del título en PDF (e-libro, visto March 20, 2015). aRecurso electrónico. Santa Fe, Arg.: e-libro, 2015. Disponible vía World Wide Web. El acceso puede estar limitado para las bibliotecas afiliadas a e-libro. 0aTelevision and politicszSpainxHistoryy20th century. 0aAuthors, Spanishy20th century. 4aTelevisión y políticazEspañaxHistoriaySiglo XX. 4aAutores españolesySiglo XX. 4aLibros electrónicos.2 ae-libro, Corp. 0aActa Salmanticensia. Biblioteca de Pensamiento y Sociedad ;v108.40uhttps://elibro.net/ereader/politecnicointernacional/55794 c80376d80376